Premier League Players 2023/24 - Statistics

General Stats
  • This quiz has been taken 41 times
  • The average score is 258 of 580
Answer Stats
Player Nation Pos Age % Correct
Aaron Ramsdale ENG GK 25
96%
José Sá POR GK 30
96%
Martin Ødegaard NOR MF 24
96%
Alisson BRA GK 30
92%
Mohamed Salah EGY FW 31
92%
Rúben Dias POR DF 26
92%
Andrew Robertson SCO DF 29
88%
Bukayo Saka ENG FW 21
88%
Connor Roberts WAL DF 27
88%
Darwin Núñez URU FW 24
88%
David Raya ESP GK 27
88%
Emiliano Martínez ARG GK 30
88%
Luis Díaz COL FW 26
88%
Virgil van Dijk NED DF 32
88%
William Saliba FRA DF 22
88%
Ederson BRA GK 29
84%
Erling Haaland NOR FW 23
84%
Gabriel Jesus BRA FW 26
84%
Gabriel Magalhães BRA DF 25
84%
Gabriel Martinelli BRA FW 22
84%
Joe Gomez ENG DF 26
84%
Jorginho ITA MF 31
84%
Kai Havertz GER MF,FW 24
84%
Kevin De Bruyne BEL MF 32
84%
Lisandro Martínez ARG DF 25
84%
Sergio Gómez ESP FW,MF 22
84%
Alexis Mac Allister ARG MF 24
80%
Amadou Onana BEL MF 21
80%
André Onana CMR GK 27
80%
Ben White ENG DF 25
80%
Bernardo Silva POR MF,FW 28
80%
Bruno Fernandes POR MF,FW 28
80%
Cody Gakpo NED FW,MF 24
80%
Cole Palmer ENG FW,MF | MF 21
80%
Dominik Szoboszlai HUN MF 22
80%
Edson Álvarez MEX MF 25
80%
Fábio Silva POR FW 21
80%
Jack Grealish ENG FW,MF 27
80%
John Stones ENG DF,MF 29
80%
Julián Álvarez ARG MF,FW 23
80%
Kyle Walker ENG DF 33
80%
Leandro Trossard BEL FW,MF 28
80%
Micky van de Ven NED DF 22
80%
Nathan Aké NED DF 28
80%
Oleksandr Zinchenko UKR DF 26
80%
Ollie Watkins ENG FW 27
80%
Phil Foden ENG FW,MF 23
80%
Rodri ESP MF 27
80%
Thiago Silva BRA DF 38
80%
Thomas Partey GHA MF,DF 30
80%
Trent Alexander-Arnold ENG DF 24
80%
Wataru Endo JPN MF 30
80%
Alexander Isak SWE FW 23
76%
Enzo Fernández ARG MF 22
76%
Joe White ENG MF 20
76%
Jordan Pickford ENG GK 29
76%
Joško Gvardiol CRO DF 21
76%
Manuel Akanji SUI DF,MF 28
76%
Marcus Rashford ENG FW 25
76%
Morgan Gibbs-White ENG MF,FW 23
76%
Nicolas Jackson SEN FW 22
76%
Rasmus Højlund DEN FW 20
76%
Son Heung-min KOR FW 31
76%
Bart Verbruggen NED GK 20
72%
Caoimhín Kelleher IRL GK 24
72%
Curtis Jones ENG MF 22
72%
Diogo Jota POR FW 26
72%
Harry Maguire ENG DF 30
72%
Harvey Elliott ENG MF,FW 20
72%
Jakub Kiwior POL DF 23
72%
Jeremy Doku BEL FW,MF 21
72%
Jurriën Timber NED DF 22
72%
Kaoru Mitoma JPN FW 26
72%
Kostas Tsimikas GRE DF 27
72%
Mateo Kovačić CRO MF 29
72%
Oscar Bobb NOR FW,MF 20
72%
Stefan Ortega GER GK 30
72%
Takehiro Tomiyasu JPN DF 24
72%
Adam Smith ENG DF 32
68%
Alejandro Garnacho ARG FW 19
68%
Bernd Leno GER GK 31
68%
Casemiro BRA MF,DF 31
68%
Christian Eriksen DEN MF 31
68%
Davinson Sánchez COL DF 27
68%
Declan Rice ENG MF 24
68%
Eddie Nketiah ENG FW 24
68%
Emile Smith Rowe ENG MF 23
68%
Ibrahima Konaté FRA DF 24
68%
Joël Matip CMR DF 31
68%
Matty Cash POL DF 25
68%
Neto BRA GK 34
68%
Pedro Neto POR FW,MF 23
68%
Rico Lewis ENG DF,MF 18
68%
Robert Sánchez ESP GK 25
68%
Victor Lindelöf SWE DF 29
68%
Aymeric Laporte ESP DF 29
64%
Ben Johnson ENG DF,FW 23
64%
Brennan Johnson WAL FW | FW,MF 22
64%
Callum Wilson ENG FW 31
64%
Dean Henderson ENG GK 26
64%
Dominic Calvert-Lewin ENG FW 26
64%
Dominic Solanke ENG FW 25
64%
Guglielmo Vicario ITA GK 26
64%
Harry Wilson WAL FW 26
64%
Ivan Toney ENG FW 27
64%
James Milner ENG DF,MF 37
64%
Jarrod Bowen ENG FW 26
64%
John Fleck SCO MF,DF 31
64%
Joseph Johnson ENG DF 17
64%
Leon Bailey JAM MF,FW 25
64%
Luke Shaw ENG DF 28
64%
Mark Flekken NED GK 30
64%
Matheus Nunes POR MF 24
64%
Moisés Caicedo ECU MF 21
64%
Mykhailo Mudryk UKR FW 22
64%
Nick Pope ENG GK 31
64%
Raphaël Varane FRA DF 30
64%
Richarlison BRA FW 26
64%
Scott McTominay SCO MF,FW 26
64%
Thiago Alcántara ESP MF 32
64%
Adama Traoré ESP FW,MF 27
60%
André Gomes POR MF,FW 30
60%
Anthony Gordon ENG FW 22
60%
Antonee Robinson USA DF 25
60%
Antony BRA FW 23
60%
Axel Disasi FRA DF 25
60%
Ben Chilwell ENG DF 26
60%
Bénie Adama Traore CIV FW,MF 20
60%
Bertrand Traoré BFA DF,FW 27
60%
Boubacar Traoré MLI MF 21
60%
Conor Bradley NIR DF 20
60%
Cristian Romero ARG DF 25
60%
Dejan Kulusevski SWE FW,MF 23
60%
Diogo Dalot POR DF 24
60%
Evan Ferguson IRL FW 18
60%
Fabian Schär SUI DF 31
60%
Hamed Junior Traorè CIV MF 23
60%
Jack Robinson ENG DF 29
60%
James Maddison ENG MF 26
60%
Jean-Philippe Mateta FRA FW 26
60%
João Gomes BRA MF 22
60%
Kaide Gordon ENG FW 18
60%
Kalvin Phillips ENG MF 27
60%
Kevin Schade GER FW,MF 21
60%
Łukasz Fabiański POL GK 38
60%
Michael Olise FRA FW,MF 21
60%
Miguel Almirón PAR FW 29
60%
Mohamed Elneny EGY MF 31
60%
Neco Williams WAL DF 22
60%
Pascal Groß GER MF,DF 32
60%
Pervis Estupiñán ECU DF 25
60%
Reece James ENG DF 23
60%
Ryan Gravenberch NED MF 21
60%
Timo Werner GER FW 27
60%
Toti Gomes POR DF 24
60%
Álex Moreno ESP DF 30
56%
Alphonse Areola FRA GK 30
56%
Armando Broja AlB FW 21
56%
Bruno Guimarães BRA MF 25
56%
David Datro Fofana CIV FW 20
56%
Diego Carlos BRA DF 30
56%
Eberechi Eze ENG MF,FW 25
56%
Ethan Nwaneri ENG FW 16
56%
Ezri Konsa ENG DF 25
56%
Fabio Vieira POR MF,FW 23
56%
João Pedro BRA FW,MF 21
56%
Joël Veltman NED DF 31
56%
John McGinn SCO MF,FW 28
56%
Marc Cucurella ESP DF 25
56%
Martin Dúbravka SVK GK 34
56%
Michael Keane ENG DF 30
56%
Mikkel Damsgaard DEN MF 23
56%
Pau Torres ESP DF 26
56%
Reiss Nelson ENG FW 23
56%
Robin Olsen SWE GK 33
56%
Sven Botman NED DF 23
56%
Tomáš Souček CZE MF 28
56%
Vitaliy Mykolenko UKR DF 24
56%
Aaron Hickey SCO DF 21
52%
Amad Diallo CIV FW,MF 21
52%
Amadou Diallo ENG MF 20
52%
Anthony Martial FRA FW 27
52%
Ben Davies WAL DF 30
52%
Bobby Reid JAM FW 30
52%
Boubacar Kamara FRA MF 23
52%
Bryan Mbeumo CMR FW 23
52%
Chris Wood NZL FW 31
52%
Destiny Udogie ITA DF 20
52%
Dwight McNeil ENG MF,FW 23
52%
Illia Zabarnyi UKR DF 20
52%
Jacob Ramsey ENG FW,MF 22
52%
Jadon Sancho ENG FW,MF 23
52%
James Tarkowski ENG DF 30
52%
James Trafford ENG GK 20
52%
Jan Paul van Hecke NED DF 23
52%
Jarell Quansah ENG DF 20
52%
Jason Steele ENG GK 32
52%
Jhon Durán COL FW,MF 19
52%
Joachim Andersen DEN DF 27
52%
Jonny Evans NIR DF 35
52%
Kieran Trippier ENG DF 32
52%
Kobbie Mainoo ENG MF 18
52%
Kristoffer Ajer NOR DF 25
52%
Lewis Dunk ENG DF 31
52%
Loris Karius GER GK 30
52%
Lucas Digne FRA DF 30
52%
Mads Juel Andersen DEN DF 25
52%
Manor Solomon ISR FW 24
52%
Matt Turner USA GK 29
52%
Michail Antonio JAM FW 33
52%
Milos Kerkez HUN DF 19
52%
Mohammed Kudus GHA FW,MF 22
52%
Pape Matar Sarr SEN MF 20
52%
Pedro Porro ESP DF 23
52%
Radu Drăgușin ROU DF 21
52%
Raheem Sterling ENG FW,MF 28
52%
Raúl Jiménez MEX FW 32
52%
Rhys Norrington-Davies WAL DF 24
52%
Rodrigo Bentancur URU MF 26
52%
Sam Johnstone ENG GK 30
52%
Tom Davies ENG MF 25
52%
Vitaly Janelt GER MF,DF 25
52%
Vladimír Coufal CZE DF 30
52%
Yoane Wissa COD FW 26
52%
Yves Bissouma MLI MF 26
52%
Aaron Ramsey ENG MF,FW 20
48%
Aaron Wan-Bissaka ENG DF 25
48%
Adam Webster ENG DF 28
48%
Aleksandar Mitrović SRB FW 28
48%
Angelo Ogbonna ITA DF 35
48%
Arijanet Muric KVX GK 24
48%
Ashley Young ENG DF,MF 38
48%
Bryan Gil ESP FW,MF 22
48%
Calvin Bassey NGA DF 23
48%
Cédric Soares POR DF 31
48%
Christian Nørgaard DEN MF 29
48%
Danny Ings ENG FW 31
48%
Danny Welbeck ENG FW,MF 32
48%
Đorđe Petrović SRB GK 23
48%
Emerson BRA DF 24
48%
Ethan Pinnock JAM DF 30
48%
Hannibal Mejbri TUN MF,FW 20
48%
Hwang Hee-chan KOR FW,MF 27
48%
Idrissa Gana Gueye SEN MF 33
48%
Issa Diop FRA DF 26
48%
Ivan Perišić CRO FW 34
48%
Jakub Moder POL MF,DF 24
48%
Joelinton BRA MF,FW 26
48%
Jordan Ayew GHA FW,MF 31
48%
Levi Colwill ENG DF 20
48%
Lewis Hall ENG DF 18
48%
Luis Sinisterra COL FW,MF 24
48%
Marc Guéhi ENG DF 23
48%
Marcos Senesi ARG DF 26
48%
Mason Mount ENG MF,FW 24
48%
Matheus Cunha BRA FW,MF 24
48%
Matz Sels BEL GK 31
48%
Max Aarons ENG DF 23
48%
Neal Maupay FRA FW 26
48%
Pierre Højbjerg DEN MF 27
48%
Rico Henry ENG DF 26
48%
Saïd Benrahma ALG FW,MF 27
48%
Sandro Tonali ITA MF 23
48%
Tahith Chong NED MF,FW 23
48%
Tariq Lamptey GHA DF,FW 22
48%
Youri Tielemans BEL MF,FW 26
48%
Zack Nelson ENG MF,DF 18
48%
Alejo Véliz ARG FW 19
44%
Ameen Al-Dakhil BEL DF 21
44%
Benoît Badiashile FRA DF 22
44%
Beto GNB FW 25
44%
Carlos Baleba CMR MF 19
44%
Christopher Nkunku FRA FW,MF 25
44%
Clément Lenglet FRA DF 28
44%
Conor Gallagher ENG MF 23
44%
Dan Burn ENG DF 31
44%
Daniel Muñoz COL DF,MF 27
44%
Dara O'Shea IRL DF 24
44%
Emil Krafth SWE DF 28
44%
Enes Ünal TUR FW,MF 26
44%
Eric Dier ENG DF 29
44%
Facundo Pellistri URU FW,MF 21
44%
Igor BRA DF 25
44%
Ionuț Radu ROU GK 26
44%
Jack Hinshelwood ENG DF 18
44%
Jacob Brown SCO MF,FW 25
44%
James Hill ENG DF 21
44%
Jefferson Lerma COL MF,DF 28
44%
Jeffrey Schlupp GHA FW,MF 30
44%
João Palhinha POR MF 28
44%
Julio Enciso PAR MF,FW 19
44%
Justin Kluivert NED MF,FW 24
44%
Konstantinos Mavropanos GRE DF 25
44%
Lewis Cook ENG MF 26
44%
Lucas Paquetá BRA FW,MF 25
44%
Mads Roerslev DEN DF 24
44%
Moussa Diaby FRA FW,MF 24
44%
Odisseas Vlachodimos GRE GK 29
44%
Ola Aina NGA DF 26
44%
Pablo Fornals ESP MF,FW 27
44%
Philip Billing DEN MF 27
44%
Rayan Aït-Nouri ALG DF,MF 22
44%
Séamus Coleman IRL DF 34
44%
Sergio Reguilón ESP DF 26
44%
Taiwo Awoniyi NGA FW 25
44%
Tim Ream USA DF 35
44%
Tyler Adams USA MF 24
44%
Zeki Amdouni SUI FW 22
44%
Abdoulaye Doucouré MLI FW,MF 30
40%
Antoine Semenyo GHA FW 23
40%
Ben Doak SCO FW 17
40%
Billy Gilmour SCO MF 22
40%
Carlton Morris ENG FW,MF 27
40%
Cesare Casadei ITA FW,MF 20
40%
Cheick Doucouré MLI MF 23
40%
Craig Dawson ENG DF 33
40%
Deivid Washington BRA DF,FW 18
40%
Donny van de Beek NED MF/DF 26
40%
Douglas Luiz BRA MF 25
40%
Elijah Adebayo ENG FW 25
40%
Facundo Buonanotte ARG FW,MF 18
40%
Frank Onyeka NGA MF 25
40%
James Mcatee ENG MF | MF,FW 20
40%
Joel Ward ENG DF 33
40%
Kurt Zouma FRA DF 28
40%
Lewis Miley ENG MF 17
40%
Lloyd Kelly ENG DF 24
40%
Malo Gusto FRA DF 20
40%
Mathias Jensen DEN MF 27
40%
Murillo BRA DF 21
40%
Nathan Collins IRL DF 22
40%
Nayef Aguerd MAR DF 27
40%
Odsonne Édouard FRA FW,MF 25
40%
Roméo Lavia BEL MF 19
40%
Ross Barkley ENG MF 29
40%
Ryan Christie SCO MF 28
40%
Sander Berge NOR MF 25
40%
Saša Lukić SRB MF 26
40%
Simon Adingra CIV FW 21
40%
Sofyan Amrabat MAR MF,DF 26
40%
Stefan Bajcetic ESP MF 18
40%
Thomas Kaminski BEL GK 30
40%
Timothy Castagne BEL DF 27
40%
Tosin Adarabioyo ENG DF 25
40%
Tyrick Mitchell ENG DF,MF 23
40%
Tyrone Mings ENG DF 30
40%
Valentino Livramento ENG DF 20
40%
Wes Foderingham ENG GK 32
40%
Aaron Cresswell ENG DF,FW 33
36%
Adam Lallana ENG MF,FW 35
36%
Alex Iwobi NGA FW,MF | MF 27
36%
Anthony Elanga SWE FW,MF 21
36%
Ben Mee ENG DF 33
36%
Bobby Clark ENG MF 18
36%
Carney Chukwuemeka ENG MF,FW 19
36%
Danilo BRA MF 22
36%
George Baldock GRE DF 30
36%
Gonzalo Montiel ARG DF 26
36%
Harrison Reed ENG MF 28
36%
Ivo Grbić CRO GK 27
36%
Jay Rodriguez ENG FW 34
36%
Jordan Clark ENG MF 29
36%
Mario Lemina GAB MF 29
36%
Mark Travers IRL GK 24
36%
Marvelous Nakamba ZIM MF 29
36%
Matheus França BRA MF,FW 19
36%
Mathias Jørgensen DEN DF 33
36%
Matt Targett ENG DF 27
36%
Max Kilman ENG DF 26
36%
Morgan Rogers ENG MF,FW 21
36%
Nathan Patterson SCO DF 21
36%
Nélson Semedo POR DF,MF 29
36%
Sasa Kalajdzic AUT FW 26
36%
Sean Longstaff ENG MF 25
36%
Solly March ENG FW,DF 29
36%
Thilo Kehrer GER DF,MF 26
36%
Thomas Strakosha AlB GK 28
36%
Valentín Barco ARG DF,FW 19
36%
Willian BRA FW 34
36%
Willy Kambwala FRA DF 18
36%
Andreas Pereira BRA MF 27
32%
Andre Brooks ENG MF,DF 19
32%
Anel Ahmedhodžić BIH DF 24
32%
Ansu Fati ESP MF,FW 20
32%
Arnaut Danjuma NED MF,FW 26
32%
Auston Trusty USA DF 24
32%
Callum Hudson-Odoi ENG FW,MF 22
32%
Cheikhou Kouyaté SEN MF 33
32%
Chris Mepham WAL DF 25
32%
Chris Richards USA DF,MF 23
32%
Daiki Hashioka JPN DF 24
32%
David Brooks WAL FW,MF 26
32%
Emerson Palmieri ITA DF 28
32%
Giovani Lo Celso ARG MF 27
32%
Harvey Barnes ENG FW,MF 25
32%
Hugo Bueno ESP DF,MF 20
32%
Jack Harrison ENG MF,FW 26
32%
Jamaal Lascelles ENG DF 29
32%
Jarrad Branthwaite ENG DF 21
32%
Joe Willock ENG MF 23
32%
Josh Brownhill ENG MF 27
32%
Keane Lewis-Potter ENG FW,DF 22
32%
Kenny Tete NED DF 27
32%
Leander Dendoncker BEL MF 28
32%
Luke Harris WAL MF 18
32%
Lyle Foster RSA FW,MF 22
32%
Matt Doherty IRL DF,MF 31
32%
Maxwel Cornet CIV MF,FW 26
32%
Moussa Niakhate SEN DF 27
32%
Myles Peart-Harris ENG DF,MF 20
32%
Nicolás Domínguez ARG MF,FW 25
32%
Noni Madueke ENG FW 21
32%
Oliver Skipp ENG MF,DF 22
32%
Pablo Sarabia ESP MF,FW 31
32%
Rodrigo Muniz BRA FW 22
32%
Santiago Bueno URU DF 24
32%
Tom Cairney SCO MF 32
32%
William Osula DEN FW 19
32%
Adam Wharton ENG MF 19
28%
Alex Murphy IRL DF,FW 19
28%
Alex Scott ENG MF 19
28%
Amari'i Bell JAM DF 29
28%
Andros Townsend ENG MF,FW 32
28%
Ben Godfrey ENG DF 25
28%
Cameron Archer ENG FW,MF | MF 22
28%
Chiedozie Ogbene IRL MF,DF 26
28%
Divock Origi BEL FW 28
28%
Elliot Anderson ENG MF,FW 20
28%
Fodé Ballo-Touré SEN DF,MF 26
28%
Harry Toffolo ENG DF 27
28%
Hjalmar Ekdal SWE DF 24
28%
Ibrahim Sangaré CIV MF 25
28%
Jack Cork ENG MF 34
28%
Jacob Murphy ENG FW,DF 28
28%
Jaidon Anthony ENG FW 23
28%
James Ward-Prowse ENG MF 28
28%
Jóhann Berg Guðmundsson ISL MF,FW 32
28%
John Egan IRL DF 30
28%
Kieffer Moore WAL FW,MF 30
28%
Lesley Ugochukwu FRA MF 19
28%
Luca Koleosho ITA MF,FW 18
28%
Mahmoud Dahoud GER MF 27
28%
Marcus Tavernier ENG FW 24
28%
Mike Trésor BEL FW,MF 24
28%
Mikey Moore ENG MF 15
28%
Nathaniel Clyne ENG DF 32
28%
Nicolò Zaniolo ITA FW,MF 24
28%
Oliver McBurnie SCO FW 27
28%
Philippe Coutinho BRA MF,FW 31
28%
Scott McKenna SCO DF 26
28%
Shandon Baptiste GRN MF 25
28%
Trevoh Chalobah ENG DF 24
28%
Vitinho BRA DF,MF 24
28%
Wilson Odobert FRA MF,FW 18
28%
Albert Sambi Lokonga BEL MF 23
24%
Charlie Taylor ENG DF 29
24%
Gustavo Hamer NED MF 26
24%
Issa Kaboré BFA DF 22
24%
Jaïro Riedewald NED MF,FW 26
24%
James Garner ENG MF 22
24%
James McConnell ENG MF 18
24%
James Tomkins ENG DF 34
24%
Jayden Danns ENG FW 17
24%
Jean-Ricner Bellegarde FRA MF,FW 25
24%
Joe Worrall ENG DF 26
24%
Jordan Beyer GER DF 23
24%
Josh Cullen IRL MF 27
24%
Lewis Dobbin ENG MF 20
24%
Mason Holgate ENG DF 26
24%
Matt Ritchie SCO FW,MF 33
24%
Rhian Brewster ENG FW,MF 23
24%
Saman Ghoddos IRN DF 29
24%
Tim Iroegbunam ENG MF 20
24%
Tom Lockyer WAL DF 28
24%
Tommy Doyle ENG MF 21
24%
Willy Boly CIV DF 32
24%
Yehor Yarmoliuk UKR MF 19
24%
Alfie Gilchrist ENG DF 19
20%
Andrew Omobamidele IRL DF 21
20%
Carlos Vinícius BRA FW 28
20%
Dango Ouattara BFA FW,DF 21
20%
Enso Gonzalez PAR MF,DF 18
20%
Felipe BRA DF 34
20%
Jacob Bruun Larsen DEN MF,FW 24
20%
Jesurun Rak Sakyi ENG MF,FW 20
20%
Joe Rothwell ENG MF 28
20%
Josh Dasilva ENG DF,FW 24
20%
Kaine Kesler-Hayden ENG MF,DF 20
20%
Lorenz Assignon TOG DF 23
20%
Nuno Tavares POR DF 23
20%
Oliver Norwood NIR MF 32
20%
Paul Dummett WAL DF 31
20%
Remi Matthews ENG GK 29
20%
Romain Faivre FRA MF,FW 25
20%
Teden Mengi ENG DF 21
20%
Will Hughes ENG MF 28
20%
Youssef Chermiti POR FW 19
20%
Ben Brereton CHI FW,MF 24
16%
Calum Chambers ENG MF,DF 28
16%
Chris Basham ENG DF,MF 35
16%
Daniel Bentley ENG GK 30
16%
Ethan Wheatley ENG FW 17
16%
Gio Reyna USA FW,MF 20
16%
Ian Maatsen NED FW,MF 21
16%
James Shea ENG GK 32
16%
Jayden Bogle ENG DF 23
16%
Luke Berry ENG MF,DF 31
16%
Maxime Estève FRA DF 21
16%
Naouirou Ahamada FRA MF,FW 21
16%
Nathan Fraser IRL FW 18
16%
Nathan Redmond ENG FW,MF 29
16%
Orel Mangala BEL MF 25
16%
Pelly Ruddock Mpanzu COD MF 30
16%
Ryan Yates ENG MF 25
16%
Serge Aurier CIV DF,MF 30
16%
Vinicius Souza BRA MF 24
16%
Alfie Doughty ENG DF 23
12%
Anis Ben Slimane TUN MF 22
12%
Benson Manuel ANG MF,FW 26
12%
Cauley Woodrow ENG FW,MF 28
12%
Divin Mubama ENG FW 18
12%
Gabriel Osho NGA DF 24
12%
George Earthy ENG FW 18
12%
Hannes Delcroix BEL DF 24
12%
Han-Noah Massengo FRA MF,DF 22
12%
Odeluga Offiah ENG DF 20
12%
Oliver Arblaster ENG MF 19
12%
Omari Kellyman ENG FW 17
12%
Owen Beck WAL DF 20
12%
Ryan John Giles ENG DF,MF 23
12%
Thomas Cannon IRL FW 20
12%
Yasser Larouci ALG DF 22
12%
Andrey Santos BRA MF 19
8%
Ben Osborn ENG DF,MF 28
8%
Brandon Aguilera CRC FW 20
8%
Daniel Jebbison ENG FW 19
8%
David Ozoh ENG MF,DF 18
8%
Joshua Acheampong ENG DF 17
8%
Lewis Warrington ENG FW 20
8%
Luke Thomas ENG DF 22
8%
Mark O'Mahony IRL FW 18
8%
Mason Burstow ENG FW 19
8%
Michael Obafemi IRL FW,MF 23
8%
Omari Forson ENG FW 19
8%
Reece Burke ENG DF 26
8%
Ryan One SCO FW 17
8%
Sam Curtis IRL DF 17
8%
Tawanda Chirewa ZIM MF,FW 19
8%
Alex Matos ENG MF 18
4%
Anass Zaroury MAR FW,MF 22
4%
Dane Scarlett ENG FW 19
4%
Dominic Sadi ENG FW 19
4%
Finley Munroe ENG MF 18
4%
Jaden Philogene Bidace ENG FW 21
4%
Jonny Castro ESP MF 29
4%
Kaelan Casey ENG DF 18
4%
Max Lowe ENG DF,MF 26
4%
Rodrigo Ribeiro POR MF,FW 18
4%
Sydie Peck ENG MF 18
4%
Antwoine Hackford ENG FW 19
0%
Benicio Boaitey ENG FW,DF 19
0%
Ben Parkinson ENG FW 18
0%
Daniel Gore ENG MF 18
0%
Fred Onyedinma ENG DF,MF 26
0%
Jamie Donley ENG FW 18
0%
Jimi Tauriainen ENG FW 19
0%
Leon Chiwome ENG FW 17
0%
Michael Ndiweni ENG FW 19
0%
Michael Olakigbe ENG DF,FW 19
0%
Tyler Onyango ENG MF 20
0%
No matching quizzes found
Score Distribution
Percent of People with Each Score
Percentile by Number Answered
Your Score History
You have not taken this quiz